000 00390nam a2200145Ia 4500
008 230917s9999||||xx |||||||||||||| ||und||
040 _e5007102
_aMAIN
041 _aEnglish
082 _a380.1 J199I
100 _aJain, Vani
245 0 _aImpact of workplace spirituality on employees satisfaction: A study of it sector of India
260 _c2021
300 _axiii, 209 p.
942 _cBK
999 _c9776
_d9776